000
00254nam a2200109Ia 4500
008
231212s1983 xx 000 0 und d
041
_a
eng
082
_a
660.283
100
_a
Nakhra B.C.
245
_a
Instrumentation
260
_a
New Delhi
_b
Butter
_c
1983
999
_c
959128
_d
959128